La novela española en el fin de siglo : 1975-2001 /

Análisis de la novela española posfranquista, que analiza por igual la incidencia en la literatura de la normalización democrática y el auge del libro como valor de mercado, que las tendencias narrativas predominantes del período (realismo, experimentalismo, metanovela, novela alegórica, etcétera).

Salvato in:
Dettagli Bibliografici
Autore principale: Alonso, Santos (autor)
Natura: Libro
Lingua:spagnolo
Pubblicazione: Madrid, España : Mare Nostrum Comunicación, 2003, c2003
Serie:(Estudios y Ensayos Marenostrum ; 3)
Soggetti:
Tags: Aggiungi Tag
Nessun Tag, puoi essere il primo ad aggiungerne!!

MARC

LEADER 00000nam^a2200000^a^4500
001 000184885
005 20250521000000.0
009 20260310102130.467
020 |a 84-95509-56-3 
037 |a Acervo ITESO - Biblioteca 
041 |a ESP 
082 |a 860. 946  |b NOV V. 4 
100 |a Alonso, Santos  |e (autor) 
240 1 1 |a [Novela española: análisis] 
245 1 3 |a La novela española en el fin de siglo :  |b 1975-2001 /  |c S. Alonso. 
264 4 |a Madrid, España :  |b Mare Nostrum Comunicación,  |c 2003, c2003 
300 |a 334 p. 
336 |a texto  |b txt  |2 rdacontenido 
337 |a sin mediación  |b n  |2 rdamedio 
338 |a volumen  |b nc  |2 rdasoporte 
440 1 |a (Estudios y Ensayos Marenostrum ;  |v 3) 
520 |a Análisis de la novela española posfranquista, que analiza por igual la incidencia en la literatura de la normalización democrática y el auge del libro como valor de mercado, que las tendencias narrativas predominantes del período (realismo, experimentalismo, metanovela, novela alegórica, etcétera). 
649 |a XX 
650 |a Industria Editorial -  |z España -  |x Historia -  |y Juan Carlos I, 1975-2014 
650 |a Novela Española -  |x Historia y Crítica -  |x Tema Principal 
650 |a Literatura y Sociedad -  |z España -  |x Historia y Crítica -  |x Tema Principal 
650 |a Literatura Española -  |x Historia y Crítica 
650 |a Literatura Española -  |y Siglo XX 
650 |a España -  |x Historia -  |y Juan Carlos I, 1975-2014 
650 |a España -  |x Historia -  |y Siglo XX 
910 |a Fondo General 
920 |a Impresos - Libros 
930 |a Colección General 
940 |a Literatura 
905 |a 101 
901 |a 0500126031  |b IT1  |c LIT  |u 20250521 
902 |a https://opac.biblio.iteso.mx/vufind/Record/000184885